Statistics for Most Populated Countries in the Balkans

Click here to take the quiz!

General Stats

  • This quiz has been taken 217 times
  • The average score is 11 of 11

Answer Stats

PopulationAnswer% Correct
7,076,372Serbia
99%
3,515,982Bosnia and Herzegovina
98%
4,190,669Croatia
98%
10,783,748Greece
98%
622,218Montenegro
98%
7,153,784Bulgaria
97%
19,760,314Romania
97%
2,064,118Slovenia
97%
2,886,206Albania
96%
2,071,728Rep. of Macedonia
95%
1,771,604Kosovo
93%

Score Distribution

Percentile by Number Answered

Percent of People with Each Score

Your Score History

You have not taken this quiz